| 000 | 00350 a2200121 4500 | ||
|---|---|---|---|
| 001 | ART_12866 | ||
| 005 | 20260410161734.0 | ||
| 008 | 260409a | ||
| 245 | 1 | 0 | _aSegundo concurso anual para prensa |
| 100 | 1 | _aApreda, Rodolfo | |
| 700 | 1 | _aClauso, Raúl | |
| 773 | 0 |
_tEjecutivos de finanzas _g- Año 6, Nº 52 (dic. 1988) _wREV2863 |
|
| 999 |
_c18095 _d18095 |
||